01659nam a2200277 a 4500001001000000005001700010008004100027041000800068044000700076084002000083100004500103245007800148260002600226300004700252500018600299500026400485500032800749500001401077546002501091650005201116650005601168650003401224650004501258700002801303740005001331BRCA_310120190320204118.0280109s1846----fr-a---###---#000-0#fre-u afre afr a412b.D53c18461 aCervantes Saavedra, Miguel ded1547-161610aHistoire de Don Quichotte de la Manchecpar Miguel de Cervantes Saavedra. aParísbDidierc1846 axxiv, 635 p.bil. (en color sepia)c25 cm. aContenido : Primera parte. Advertencia del traductor. Elogio de Cervantes por J. Mor de Fuentes. Prólogo dl autor. Texto. Segunda parte. Dedicatoria del autor. Prólogo del autor aEdición : Traduite sur le texte original et d´aprés ñes traductions comparées de Oudin et Rosset, Filleau de Saint-Martin, Florian, Bouchon, Dubornial, Delaunay et L. Viardot, par F. de Brotonne conservateur de la Bibliothéque de Sainte-Geneviéve aReproducción de la edición publicada por Lefevre en 1837, pero añadido el Elogio de Cervantes escrito por J. Mor de Fuentes. Como, además, Brotonne tuvo a la vista y se aprovechó de la versión y notas de Viardot, esta traducción aventaja a su modelo. Tela; planos y lomo decorados con dorados Lúdovik Osterc aQM333A(?) aTexto en : francés14aNovela españolayÉpoca clásica, 1500-170014aLiteratura españolayÉpoca clásica, 1500-170014aNovela españolaySiglo XVII14aDon Quijote (Personaje ficticio)eNovela1 aBrotonne, F.eTraductor0 aEl Ingenioso Hidalgo Don Quijote de la Mancha